Электроника 1.2 (СО): электронный курс
| 1. Verfasser: | |
|---|---|
| Körperschaft: | |
| Weitere Verfasser: | |
| Zusammenfassung: | Заглавие с экрана Курс «Электроника 1.2.» посвящен изучению работы основных электронных компонентов, а также изучению физических процессов, протекающих в электронных схемах. В данном курсе рассматриваются особенности функционирования и применения пассивных компонентов электронных схем, таких как резисторы, конденсаторы, катушки индуктивности и трансформаторы. Большое внимание в курсе уделяется изучению принципов работы и практическому использованию базовых полупроводниковых компонентов: диодов, транзисторов, тиристоров и оптоэлектронных приборов. Кроме того, освещаются основные виды, формы и параметры электрических сигналов, широко использующихся в электронике. Знания, полученные в курсе, являются основой инженерной деятельности, связанной с электронной аппаратурой: разработка, контроль, поверка, ввод в эксплуатацию. Доступ по логину и паролю |
| Sprache: | Russisch |
| Veröffentlicht: |
Томск, TPU Moodle, 2015
|
| Schlagworte: | |
| Online-Zugang: | https://design.lms.tpu.ru/course/view.php?id=1059 |
| Format: | MixedMaterials Elektronisch Buch |
| KOHA link: | https://koha.lib.tpu.ru/cgi-bin/koha/opac-detail.pl?biblionumber=665522 |
MARC
| LEADER | 00000nlm0a2200000 4500 | ||
|---|---|---|---|
| 001 | 665522 | ||
| 005 | 20240205134554.0 | ||
| 035 | |a (RuTPU)RU\TPU\network\36721 | ||
| 035 | |a RU\TPU\network\17057 | ||
| 090 | |a 665522 | ||
| 100 | |a 20211013d2015 m y0rusy50 ca | ||
| 101 | 0 | |a rus | |
| 102 | |a RU | ||
| 105 | |a a j 000zy | ||
| 135 | |a jrcn ---uucaa | ||
| 181 | 0 | |a i | |
| 182 | 0 | |a b | |
| 200 | 1 | |a Электроника 1.2 (СО) |e электронный курс |f В. В. Гребенников, Ю. В. Шульгина |g Национальный исследовательский Томский политехнический университет (ТПУ), Институт неразрушающего контроля (ИНК), Кафедра промышленной и медицинской электроники (ПМЭ) | |
| 203 | |a Текст |c электронный | ||
| 210 | |a Томск |c TPU Moodle |d 2015 | ||
| 300 | |a Заглавие с экрана | ||
| 330 | |a Курс «Электроника 1.2.» посвящен изучению работы основных электронных компонентов, а также изучению физических процессов, протекающих в электронных схемах. В данном курсе рассматриваются особенности функционирования и применения пассивных компонентов электронных схем, таких как резисторы, конденсаторы, катушки индуктивности и трансформаторы. Большое внимание в курсе уделяется изучению принципов работы и практическому использованию базовых полупроводниковых компонентов: диодов, транзисторов, тиристоров и оптоэлектронных приборов. Кроме того, освещаются основные виды, формы и параметры электрических сигналов, широко использующихся в электронике. Знания, полученные в курсе, являются основой инженерной деятельности, связанной с электронной аппаратурой: разработка, контроль, поверка, ввод в эксплуатацию. | ||
| 333 | |a Доступ по логину и паролю | ||
| 606 | 1 | |a Электроника |2 stltpush |3 (RuTPU)RU\TPU\subj\20310 |9 45419 | |
| 610 | 1 | |a электронный ресурс | |
| 610 | 1 | |a труды учёных ТПУ | |
| 610 | 1 | |a электронное обучение | |
| 610 | 1 | |a электронные курсы ТПУ | |
| 610 | 1 | |a резисторы | |
| 610 | 1 | |a конденсаторы | |
| 610 | 1 | |a катушки | |
| 610 | 1 | |a индуктивность | |
| 610 | 1 | |a трансформаторы | |
| 610 | 1 | |a напряжение | |
| 610 | 1 | |a ток | |
| 610 | 1 | |a транзисторы | |
| 610 | 1 | |a диоды | |
| 610 | 1 | |a тиристоры | |
| 610 | 1 | |a светодиоды | |
| 610 | 1 | |a оптроны | |
| 610 | 1 | |a электронные учебные пособия | |
| 610 | 1 | |a учебные пособия | |
| 675 | |a 621.38(075.8) |v 4 | ||
| 700 | 1 | |a Гребенников |b В. В. |c специалист в области электроники |c доцент Томского политехнического университета, кандидат технических наук |f 1974- |g Виталий Владимирович |3 (RuTPU)RU\TPU\pers\25894 |9 11746 | |
| 701 | 1 | |a Шульгина |b Ю. В. |c специалист в области электроники |c старший преподаватель Томского политехнического университета |f 1987- |g Юлия Викторовна |3 (RuTPU)RU\TPU\pers\32633 | |
| 712 | 0 | 2 | |a Национальный исследовательский Томский политехнический университет (ТПУ) |b Институт неразрушающего контроля (ИНК) |b Кафедра промышленной и медицинской электроники (ПМЭ) |3 (RuTPU)RU\TPU\col\18719 |
| 801 | 2 | |a RU |b 63413507 |c 20220414 |g RCR | |
| 856 | 4 | |u https://design.lms.tpu.ru/course/view.php?id=1059 | |
| 942 | |c CF | ||